| 000 | 00789nam a2200229 a 4500 | ||
|---|---|---|---|
| 003 | CO-ViMGA | ||
| 005 | 20230915234404.0 | ||
| 008 | 071102s2007 ck gr 0001pdspa d | ||
| 020 | _z9588205960 | ||
| 040 |
_aCO-ViMGA _bspa _cCO-ViMGA |
||
| 043 | _as-ck--- | ||
| 082 | 0 | 4 |
_a781.62986 _bB17e _221 ed. |
| 100 | 1 |
_aBatista Jiménez, Enrique E. _97746 |
|
| 245 | 1 | 0 |
_aEscalona : _bel Arcipreste del Valle y mester de patillalía / _cEnrique E. Batista Jiménez. |
| 260 | 3 |
_a[Bogotá?] : _bUniversidad Cooperativa de Colombia, _c2007. |
|
| 300 |
_a87 p. ; _c22 cm. |
||
| 504 | _aIncluye bibliografía. | ||
| 650 | 6 |
_aMúsica vallenata _v Cancioneros. _97748 |
|
| 650 | 6 |
_aMúsica vallenata _x Temas, motivos. _97749 |
|
| 650 | 6 |
_aMúsica vallenata _z Colombia. _97747 |
|
| 942 |
_2ddc _cBK |
||
| 999 |
_c37779 _d37779 |
||